000 00731nam a2200217 i 4500
001 65713
003 ES-MaACL
005 20250926063048.0
007 t|
008 040121s1966 mx ||||1| spa d
100 1 _aFromm, Erich,
_d1900-1980
_952729
245 1 0 _aEtica y psicoanálisis /
_cpor Erich Fromm ; [traducción de Heriberto F. Morck].
250 _a[6ª ed.].
260 _aMéxico :
_bFondo de Cultura Económica,
_c[1966]
300 _a251 p. ;
_c18 cm.
490 1 _aBreviarios del Fondo de Cultura Económica ;
_v74
700 1 _aMorck, Heriberto F.
_983192
830 0 _aBreviarios del Fondo de Cultura Económica ;
_v74
_9179682
852 _aES-MaACL
_jC-34889
_bR.67410
999 _c65713
_d65713